Cruzando Fronteras de Estados de EE. UU. - Estadísticas

Estadísticas generales
  • Esta prueba ha sido intentada 1.680 veces
  • La puntuación promedio es 17 de 22
Estadísticas de respuestas
Comienza en Ve al... Estado % Correcto
Washington Sur Oregón
97%
Nevada Oeste California
95%
Georgia Sur Florida
95%
Luisiana Oeste Texas
89%
Wyoming Norte Montana
85%
Colorado Oeste Utah
84%
Arizona Este Nuevo México
83%
Oregón Este Idaho
80%
Oklahoma Sur Texas
77%
Indiana Oeste Illinois
76%
Minnesota Este Wisconsin
74%
Ohio Norte Míchigan
73%
Alabama Norte Tennessee
73%
Carolina del Sur Sur Georgia
72%
Nuevo Hampshire Sur Massachusetts
72%
Dakota del Norte Este Minnesota
72%
Vermont Oeste Nueva York
69%
Utah Oeste Nevada
68%
Indiana Sur Kentucky
65%
Rhode Island Oeste Connecticut
63%
Dakota del Sur Sur Nebraska
58%
Kansas Este Misuri
56%
No se encontraron pruebas coincidentes
Distribución de puntuación
Porcentaje de gente con cada puntuación
Porcentaje por número respondido
Historial de tus puntuaciones
No has intentado esta prueba.